书目信息 |
| 题名: |
复杂性生态哲学
|
|
| 作者: | 王耘 著 | |
| 分册: | ||
| 出版信息: | 北京 社会科学文献 2008.05 |
|
| 页数: | 253页 | |
| 开本: | 21cm | |
| 丛书名: | ||
| 单 册: | ||
| 中图分类: | Q14-02 | |
| 科图分类: | ||
| 主题词: | 生物学:生态学 | |
| 电子资源: | ||
| ISBN: | 978-7-5097-0144-7 | |
| 000 | 00455nam0 2200181 45 | |
| 005 | 20080910161000.77 | |
| 010 | @a978-7-5097-0144-7@dCNY35.00 | |
| 092 | @bLR | |
| 102 | @aCN@b110000 | |
| 200 | 1 | @a复杂性生态哲学@f王耘著@Fwang yun zhu |
| 210 | @a北京@c社会科学文献@d2008.05 | |
| 215 | @a253页@d21cm | |
| 606 | 0 | @a生物学:生态学 |
| 690 | @aQ14-02@v4 | |
| 701 | 0 | @a王耘@Awang yun@4著 |
| 801 | 0 | @c20080910 |
| 905 | @dQ14-02@eW445@f5 | |
| 906 | @cLR@dCNY35.00@n0@r1 | |
| 复杂性生态哲学/王耘著.-北京:社会科学文献,2008.05 |
| 253页;21cm |
| ISBN 978-7-5097-0144-7:CNY35.00 |
| ● |
| 相关链接 |
|
|
|
正题名:复杂性生态哲学
索取号:Q14-02/W445
 
预约/预借
| 序号 | 登录号 | 条形码 | 馆藏地/架位号 | 状态 | 备注 |
| 1 | 676948 | 206769488 | 自科库401/401自科库 25排4列3层/ [索取号:Q14-02/W445] | 在馆 | |
| 2 | 676949 | 206769497 | 自科库401/401自科库 25排4列3层/ [索取号:Q14-02/W445] | 在馆 | |
| 3 | 676950 | 206769503 | 自科库401/401自科库 25排4列3层/ [索取号:Q14-02/W445] | 在馆 |